• 首页
  • 本馆介绍
  • 公告通知
  • 最新文献
  • 馆藏检索
  • 电子资源
  • 读者导购
  • 参考咨询
  • 我的图书馆
  • 登录
  • 详细信息显示
  • 放入我的书架
  • 预约/预借图书
  • 作者相关作品
  • 分类相关作品
  • 丛书相关作品
  • 出版社相关作品

书目信息

  • 表格格式
  • 工作单格式
  • 卡片格式
题名:
长城抗战
    
 
作者: 高鹏 文 ;金爽 图
分册:  
出版信息: 北京   团结出版社  2005
页数: 166页
开本: 23cm
丛书名: 图片中国抗战丛书
单 册:
中图分类: K264.320.6
科图分类:
主题词: 长城抗战 , 长城抗战--史料
电子资源:
ISBN: 7-80130-826-3
000 01030oam2 2200277 450
001 002904730
005 20070803144047.59
010    @a7-80130-826-3@dCNY26.00
100    @a20050627d2005 em y0chiy0110 ea
101 0  @achi
102    @aCN@b110000
105    @aa z 000yy
200 1  @a长城抗战@9chang cheng kang zhan@e抗日第一仗@e1933年1~5月@f高鹏文@g金爽图
210    @a北京@c团结出版社@d2005
215    @a166页@c照片@d23cm
225 2  @a图片中国抗战丛书
330    @a1933年初,日本攻占山海关、热河之后,又向长城沿各军事要口发起进攻,中国军队进行了抵抗,敌我双方争夺的重点是长城各关口及附近的制高点,这次作战被称为“长城抗战”,本书详细记录了这次战斗,内容包括战前态势、战况总览、首战榆关和轻失热河。
461  0 @12001 @a图片中国抗战丛书
517 1  @a抗日第一仗@9kang ri di yi zhang
606 0  @a长城抗战
606 0  @a长城抗战@j史料
690    @aK264.320.6@v4
701  0 @a高鹏@9gao peng@f(1960.10~)@4文
702  0 @a金爽@9jin shuang@c(文学)@4图
801  0 @aCN@bNLC@c20070803
905    @a10447@dK264.320.6@e51
    
    长城抗战:抗日第一仗:1933年1~5月/高鹏文/金爽图.-北京:团结出版社,2005
    166页:照片;23cm.-(图片中国抗战丛书)
    
    
    ISBN 7-80130-826-3:CNY26.00
    1933年初,日本攻占山海关、热河之后,又向长城沿各军事要口发起进攻,中国军队进行了抵抗,敌我双方争夺的重点是长城各关口及附近的制高点,这次作战被称为“长城抗战”,本书详细记录了这次战斗,内容包括战前态势、战况总览、首战榆关和轻失热河。
●
相关链接 在E读中查询图书 在五车中查询图书 在当当中查询图书 在豆瓣中查询图书


正题名:长城抗战     索取号:K264.320.6/51         预约/预借

序号 登录号 条形码 馆藏地/架位号 状态 备注
1 0801955   208019552   第二样本阅览室/ [索取号:K264.320.6/51] 在馆    
2 0801956   208019561   第二借阅区/ [索取号:K264.320.6/51] 在馆    
3 0801957   208019570   密集书库/ [索取号:K264.320.6/51] 在馆    
4 0801958   208019589   密集书库/ [索取号:K264.320.6/51] 在馆    
5 0801959   208019598   密集书库/ [索取号:K264.320.6/51] 在馆    
6 0801960   208019605   密集书库/ [索取号:K264.320.6/51] 在馆    
7 0801961   208019614   第二借阅区/ [索取号:K264.320.6/51] 在馆    
8 0801962   208019623   第二借阅区/ [索取号:K264.320.6/51] 在馆    
9 0801963   208019632   第二借阅区/ [索取号:K264.320.6/51] 在馆    
10 0801964   208019641   第二借阅区/ [索取号:K264.320.6/51] 在馆    
欢迎您!
大连网信软件有限公司© 版权所有